LEADER 01214nam 2200349Ia 450 001 996397016703316 005 20200824132911.0 035 $a(CKB)4940000000064265 035 $a(EEBO)2264210785 035 $a(OCoLC)ocm9726092e 035 $a(OCoLC)9726092 035 $a(EXLCZ)994940000000064265 100 $a19830721d1684 uy | 101 0 $aeng 135 $aurbn||||a|bb| 200 12$aA sermon preached at the Chappel of the Rolls on the fifth of November, 1684$b[electronic resource] $ebeing Gun-Powder-Treason day /$fby Gilbert Burnet 210 $aLondon $cPrinted for the author and are to be sold by R. Baldwin$d1684 215 $a[2], 30 [i.e. 24] p 300 $aReproduction of original in the Cambridge University Library. 330 $aeebo-0021 606 $aGunpowder Plot, 1605$vSermons 606 $aSermons, English$y17th century 615 0$aGunpowder Plot, 1605 615 0$aSermons, English 700 $aBurnet$b Gilbert$f1643-1715.$0193326 801 0$bUMI 801 1$bUMI 801 2$bWaOLN 906 $aBOOK 912 $a996397016703316 996 $aA sermon preached at the Chappel of the Rolls on the fifth of November, 1684$92324333 997 $aUNISA